000
00311nam a2200133Ia 4500
005
20260328104313.0
008
260328s9999||||xx |||||||||||||| ||und||
100
_a
Mestre, Octavio
245
0
_a
Efficient Offices /
_c
Octavio Mestre
260
_b
Monsa
300
_a
138 p.
650
_a
OFICINAS
942
_c
BK
999
_c
11059
_d
11059